000 01152nam a2200337 i 4500
001 197772
003 ES-GrU
005 20250912063059.0
007 ta
008 250723s2004 mx 000 0 spa d
020 _a968167300x
040 _aUGR
_bspa
_cES-MaACL
080 _a37.01
100 1 _aMonclús Estella, Antonio
_982132
_eaut
245 1 0 _aEducación y cruce de culturas /
_cAntonio Monclús.
250 _aPrimera edición 2004.
260 _aMéxico :
_bFondo de Cultura Económica,
_c2004.
300 _a191 páginas ;
_c17 cm.
336 _2rdacontent
_atexto
337 _2rdamedia
_asin mediación
338 _2rdacarrier
_avolumen
490 1 0 _aPopular ;
_v649
650 7 _aEducación
_2embne
_912073
650 7 _aFilosofía
_2embne
_912802
852 _aES-MaACL
_cDEPOJ
_jN-10657
_hDonación: José Lázaro García
_xEncuadernación rústica
_9206783
903 _9234219
_aLázaro García, José
_ednr
942 _cMONOGRAFIA
_n0
999 _c197772
_d197772